[Event "Dubna op"]
[Site "Dubna"]
[Date "2007.08.12"]
[Round "14"]
[White "Leonidov, Mikhail"]
[Black "Malinevsky, Nicolay"]
[Result "1/2-1/2"]
[WhiteElo "2221"]
[BlackElo "1840"]
[PlyCount "20"]
[EventDate "2007.08.02"]
[EventType "swiss"]
[EventRounds "14"]
[EventCountry "RUS"]
[SourceTitle "EXT 2008"]
[Source "ChessBase"]
[SourceDate "2007.11.25"]
[SourceVersion "1"]
[SourceVersionDate "2007.11.25"]
[SourceQuality "1"]

1. e4 e6 2. d4 d5 3. Nd2 dxe4 4. Nxe4 Nd7 5. Nf3 Ngf6 6. Nxf6+ Nxf6 7. Bd3 Be7 8. 0-0 0-0 9. c3 c5 10. dxc5 Bxc5 1/2-1/2

[Event "Dubna op"]
[Site "Dubna"]
[Date "2007.08.10"]
[Round "12"]
[White "Leonidov, Mikhail"]
[Black "Lashkov, Vladimir"]
[Result "1/2-1/2"]
[WhiteElo "2221"]
[BlackElo "1996"]
[PlyCount "78"]
[EventDate "2007.08.02"]
[EventType "swiss"]
[EventRounds "14"]
[EventCountry "RUS"]
[SourceTitle "EXT 2008"]
[Source "ChessBase"]
[SourceDate "2007.11.25"]
[SourceVersion "1"]
[SourceVersionDate "2007.11.25"]
[SourceQuality "1"]

1. e4 g6 2. d4 Bg7 3. Be3 d6 4. Nc3 a6 5. Nf3 Bg4 6. Be2 Qc8 7. Qd2 h6 8. h3 Bd7 9. 0-0-0 Nc6 10. g4 e6 11. Nh2 b5 12. d5 Ne5 13. b3 g5 14. f4 gxf4 15. Bxf4 Ng6 16. Be3 b4 17. Nb1 a5 18. Rdf1 a4 19. Bd4 e5 20. Be3 axb3 21. cxb3 c5 22. Rf2 Nf6 23. Qc2 Ra5 24. Nd2 Qa8 25. Kb1 Ne7 26. Bd3 Nexd5 27. exd5 Nxd5 28. Be4 Nxe3 29. Qd3 d5 30. Qxe3 dxe4 31. Nc4 Ra6 32. Rff1 0-0 33. g5 Qd5 34. Rd1 Qe6 35. gxh6 Bxh6 36. Qxe4 Bc6 37. Rhg1+ Bg7 38. Qxe5 Be4+ 39. Kc1 Qh6+ 1/2-1/2

[Event "Dubna op"]
[Site "Dubna"]
[Date "2007.08.04"]
[Round "1"]
[White "Doronine, Vladimir"]
[Black "Leonidov, Mikhail"]
[Result "0-1"]
[WhiteElo "1966"]
[BlackElo "2221"]
[PlyCount "84"]
[EventDate "2007.08.02"]
[EventType "swiss"]
[EventRounds "14"]
[EventCountry "RUS"]
[SourceTitle "EXT 2008"]
[Source "ChessBase"]
[SourceDate "2007.11.25"]
[SourceVersion "1"]
[SourceVersionDate "2007.11.25"]
[SourceQuality "1"]

1. Nf3 d5 2. g3 Nf6 3. Bg2 e6 4. d3 Be7 5. 0-0 0-0 6. Nbd2 Nc6 7. c4 b6 8. cxd5 exd5 9. Nb3 Bb7 10. Bd2 Nb4 11. a3 Na6 12. Rc1 c5 13. Bg5 h6 14. Bxf6 Bxf6 15. Rc2 Qd7 16. Re1 Nc7 17. Nfd2 Qb5 18. Qb1 a5 19. Nc1 Rab8 20. Nf3 Rfe8 21. e3 Na6 22. Ree2 c4 23. dxc4 dxc4 24. Na2 Be4 25. Nd4 Bxd4 26. Bxe4 Rxe4 27. exd4 Rxd4 28. Re7 Rbd8 29. Nc3 Qf5 30. Qc1 Qf3 31. Rce2 Nc5 32. R7e3 Qc6 33. Qc2 Nd3 34. Re7 b5 35. R2e3 b4 36. Ne2 R4d6 37. axb4 axb4 38. R7e4 Nxb2 39. Qxb2 Rd1+ 40. Kg2 f5 41. Qxb4 fxe4 42. Nc3 R1d3 0-1